| 000 | 00471pab a2200169 454500 | ||
|---|---|---|---|
| 008 | 180718b2013 xxu||||| |||| 00| 0 eng d | ||
| 100 | _aDavis, Randall S. | ||
| 245 | _aUnionization and work attitudes: how unions commitment influences public sector job satisfaction | ||
| 260 | _c2013 | ||
| 300 | _ap.74-84. | ||
| 362 | _aJan-Feb | ||
| 650 | _aTrade unions | ||
| 650 | _aJob satisfaction | ||
| 773 | _aPublic Administration Review | ||
| 908 | _aN | ||
| 909 | _a98874 | ||
| 999 |
_c98873 _d98873 |
||